00297nam a2200121Ia 4500008004100000041000800041082001200049100001500061245002400076260003900100300001900139999001700158241015s9999 xx 000 0 und d aeng a330 SIE aSielska A. aMengerian Economics bEdward Elgar PublishersaUSAc2023 a184;. P. 23 cm c41568d41568